TAGORE: (Record no. 191294)

MARC details
000 -LEADER
fixed length control field 00608nam a22001937a 4500
005 - DATE AND TIME OF LATEST TRANSACTION
control field 20220824113403.0
010 ## - LCCN (DPL NO)
LC control number ENG-134597
020 ## - INTERNATIONAL STANDARD BOOK NUMBER
Terms of availability 650.00
International Standard Book Number 9789383660148
035 ## - SYSTEM CONTROL NUMBER
System control number EN-118129
037 ## - SOURCE OF ACQUISITION
Source of stock number/acquisition DBAD/PUB
082 ## - DEWEY DECIMAL CLASSIFICATION NUMBER
Classification number 891.4484
245 ## - TITLE STATEMENT
Title TAGORE:
Remainder of title The world as his Nest/
Statement of responsibility, etc edited by Sangeeta Datta &Subhoranjan Dasgupta
260 ## - PUBLICATION, DISTRIBUTION, ETC. (IMPRINT)
Place of publication, distribution, etc jadavpur university
Name of publisher, distributor, etc jadavpur university press
Date of publication, distribution, etc 2016
270 ## - ADDRESS
Address jadavpur university
City kolkata
Postal code 700032
300 ## - PHYSICAL DESCRIPTION
Extent 222p.
Dimensions 25cm(hb)
700 ## - ADDED ENTRY--PERSONAL NAME
Personal name datta,sangeeta
700 ## - ADDED ENTRY--PERSONAL NAME
Personal name Dasgupta, subhoranjan
942 ## - ADDED ENTRY ELEMENTS (KOHA)
Source of classification or shelving scheme Dewey Decimal Classification
Item type English Books
Classification part 891.4484
Call number suffix TAG
Holdings
Withdrawn status Lost status Not for loan Collection code Home library Current library Date acquired Source of acquisition Cost, normal purchase price Full call number Barcode Copy number Cost, replacement price Koha item type
      Non-fiction Ashok Vihar Ashok Vihar 24/08/2022 DBAD/PUB 650.00 891.4484 TAG EN-118129 1 650.00 English Books

© Delhi Public Library
Hit Counter
free hit counter